000 00261nam a22001097a 4500
008 170117b xxu||||| |||| 00| 0 eng d
020 _a9780323019200
041 _aeng
080 _24TH
_a618.2
245 _aLONG-TERM CARE ASSISTANTS
_cKELLY ,R.T
942 _2udc
_cBK
999 _c2985
_d2985